000 00818nam a2200265Ia 4500
003 OSt
005 20220925215258.0
006 a|||||r|||| 00| 0
007 ta
008 220923b |||||||| |||| 00| 0 eng d
020 _a0435844679
037 _cGeneral Book
040 _aRTL
_cRTL
_beng
041 _2eng
_aeng
082 _aX:57.3.N7, L9
100 _aMajor Robin Ed.
_9282467
245 0 _aBritain's trade and exchangerate policy.
260 _aLondon
_bHeinemann educational Books UK
_c1979
300 _aix330p. Bibliography chapterwise.
_ccm.
490 _aNational Institute of fEconomic and social Research Economic Policy paper.3
650 _a Forign Exchange
650 _aEconomics
942 _hX:57.3.N7, L9
_cGB
_2CC
999 _c568339
_d568339